| 000 | 00472nam a2200181Ia 4500 | ||
|---|---|---|---|
| 005 | 20250603145503.0 | ||
| 008 | 250603s9999 xx 000 0 und d | ||
| 020 | _a9781032286662 | ||
| 050 | _aRA 644 .C67/ | ||
| 100 | _aEdited by Charles Hawksley and Nichole Georgeou | ||
| 245 | 0 | _aPandemic, states and societies in the Asia-Pacific, 2020-2021 | |
| 260 | _aLondon | ||
| 260 | _bRoutledge | ||
| 260 | _c2023 | ||
| 300 | _a197 p | ||
| 650 | _aLondon | ||
| 942 | _cBK | ||
| 999 |
_c41997 _d41997 |
||